Un ensayo de la razón: nación y literatura en el ámbito republicano cubano = An essay of the reason : nation and literature in the cuban republican field /
Guardado en:
| Hovedforfatter: | |
|---|---|
| Format: | Texto |
| Tags: |
Tilføj Tag
Ingen Tags, Vær først til at tagge denne postø!
|
MARC
| LEADER | 00000 a a2200000 04500 | ||
|---|---|---|---|
| 001 | 48584 | ||
| 003 | |||
| 040 | |||
| 100 | |a Aguilar Santos, Jeisil | ||
| 245 | |a Un ensayo de la razón: nación y literatura en el ámbito republicano cubano = |b An essay of the reason : nation and literature in the cuban republican field / |c Jeisil Aguilar Santos | ||
| 773 | |g número146, (2014), páginas 141-153 | ||
| 999 | |c 25407 |d 25407 | ||
| 773 | 0 | |0 18728 |9 1630 |a Universidad de Costa Rica |d San José, Costa Rica Editorial UCR 1956- |o 18147 |t Revista de Ciencias Sociales/ |x 04825276 | |
